| 000 | 00507nam a2200169 4500 | ||
|---|---|---|---|
| 001 | 109972 | ||
| 003 | ES-MaACL | ||
| 005 | 20230906184943.0 | ||
| 007 | t| | ||
| 008 | 061121s1962 sp r ||||1| spa d | ||
| 100 | 1 |
_aMohr, Richard. _981805 |
|
| 245 | 1 | 3 |
_aLa Ética cristiana a la luz de la Etnología / _cRichard Mohr; traducción de Alejo Cria León. |
| 260 |
_aMadrid : _bRialp, _c1962. |
||
| 300 |
_a203 p. ; _c22 cm. |
||
| 700 | 1 |
_aCria León, Alejo. _941590 |
|
| 852 |
_aES-MaACL _jF-15962 _bR.49340 |
||
| 999 |
_c109972 _d109972 |
||